00527nam a2200193 a 4500001001300000003000900013005001700022008004100039020000900080082001300089100003000102245004800132260005000180300000900230500003500239505001000274650001900284700003000303nice12345678IN_TiNIC20260116011830.0050524s1971 cala grp 000 0 eng  ac1200a295bCHA aChatterji, Jatindra Mohan aAtharvan Zarathustrab the Foremost Prophet aCalcuttabParsi Zoroastrian Associationc1971 a250p aincludes index and biblioraphy2 aindex aZoroastrianism1 aChatterji, Jatindra Mohan